Early and medieval assam(Major4) (Record no. 12087)

MARC details
000 -LEADER
fixed length control field 00535nam a22002057a 4500
005 - DATE AND TIME OF LATEST TRANSACTION
control field 20260515115054.0
008 - FIXED-LENGTH DATA ELEMENTS--GENERAL INFORMATION
fixed length control field 250303b |||||||| |||| 00| 0 eng d
020 ## - INTERNATIONAL STANDARD BOOK NUMBER
International Standard Book Number 9789360780722
040 ## - CATALOGING SOURCE
Original cataloging agency IN-DiNC
Transcribing agency IN-DiNC
041 ## - LANGUAGE CODE
Language code of sung or spoken text eng
082 ## - DEWEY DECIMAL CLASSIFICATION NUMBER
Classification number 954.162
Item number SEN
100 ## - MAIN ENTRY--PERSONAL NAME
Personal name SEN,SANJAY
Relator term author
245 ## - TITLE STATEMENT
Title Early and medieval assam(Major4)
Statement of responsibility, etc. Sanjay Sen
250 ## - EDITION STATEMENT
Edition statement 1st ed.
260 ## - PUBLICATION, DISTRIBUTION, ETC.
Place of publication, distribution, etc. Guwahati:
Name of publisher, distributor, etc. Ashok Publication,
Date of publication, distribution, etc. 2025.
300 ## - PHYSICAL DESCRIPTION
Extent 539p.
650 ## - SUBJECT ADDED ENTRY--TOPICAL TERM
Topical term or geographic name entry element Assam History
700 ## - ADDED ENTRY--PERSONAL NAME
Personal name Sanjay Sen
Relator term author
942 ## - ADDED ENTRY ELEMENTS (KOHA)
Source of classification or shelving scheme Dewey Decimal Classification
Koha item type Books
Holdings
Withdrawn status Lost status Source of classification or shelving scheme Damaged status Not for loan Collection Home library Current library Shelving location Date acquired Cost, normal purchase price Total checkouts Full call number Barcode Date last seen Date last checked out Copy number Price effective from Koha item type
    Dewey Decimal Classification       Naharkatiya College Library Naharkatiya College Library General stacks 03/03/2025 450.00 2 954.162 SEN 30684 06/13/2025 03/20/2025 1 03/03/2025 Books